Je na Slovensku chudoba?

Chudoba na Slovensku. Kvantifikácia a meranie chudoby. Porovnanie s inými európskymi krajinami. Analýza chudoby na základe príjmov a výdavkov. Objektívne a subjektívne faktory chudoby na Slovensku. Celková životná situácia domácností. Priestorové diferenciácie chudoby. Regionálne disproporcie chudob...

ver descrição completa

Na minha lista:
Detalhes bibliográficos
Autor principal: Michálek, Anton
Formato: Capítulo de Livro
Idioma:eslovaco
Assuntos:
Tags: Adicionar Tag
Sem tags, seja o primeiro a adicionar uma tag!

MARC

LEADER 00000naa a2200000 4500
001 r040318
005 20230810105545.2
041 0 |a slo 
044 |a SK 
245 1 0 |a Je na Slovensku chudoba?  |c Anton Michálek 
520 |a Chudoba na Slovensku. Kvantifikácia a meranie chudoby. Porovnanie s inými európskymi krajinami. Analýza chudoby na základe príjmov a výdavkov. Objektívne a subjektívne faktory chudoby na Slovensku. Celková životná situácia domácností. Priestorové diferenciácie chudoby. Regionálne disproporcie chudoby na Slovensku v roku 1998. Riziká a sociálne dôsledky trvalej chudoby. 
610 2 0 |a chudoba 
610 2 0 |a Slovensko 
610 2 0 |a porovnanie medzinárodné 
610 2 0 |a príjmy 
610 2 0 |a výdavky 
610 2 0 |a úroveň životná 
610 2 0 |a domácnosti 
610 2 0 |a regióny 
610 2 0 |a situácia sociálna 
100 1 |a Michálek, Anton